Dyeing of Textile Substrates-II Fibres Other than Cotton and Blends (Record no. 52273)

MARC details
000 -LEADER
fixed length control field 00668nam a22002177a 4500
003 - CONTROL NUMBER IDENTIFIER
control field OSt
008 - FIXED-LENGTH DATA ELEMENTS--GENERAL INFORMATION
fixed length control field 260624b |||||||| |||| 00| 0 eng d
020 ## - INTERNATIONAL STANDARD BOOK NUMBER
International Standard Book Number 9789388320252
082 ## - DEWEY DECIMAL CLASSIFICATION NUMBER
Classification number 667.35
Item number K81D
100 ## - MAIN ENTRY--PERSONAL NAME
Personal name Kalanjikombil, Mathews
245 ## - TITLE STATEMENT
Title Dyeing of Textile Substrates-II Fibres Other than Cotton and Blends
Statement of responsibility, etc. Kalanjikombil, Mathews
260 ## - PUBLICATION, DISTRIBUTION, ETC. (IMPRINT)
Place of publication, distribution, etc Daryaganj, New Delhi
Name of publisher, distributor, etc Woodhead Publishing India
Date of publication, distribution, etc 2020
300 ## - PHYSICAL DESCRIPTION
Extent 652 p.
650 ## - SUBJECT ADDED ENTRY--TOPICAL TERM
Topical term or geographic name as entry element Dyeing
650 ## - SUBJECT ADDED ENTRY--TOPICAL TERM
Topical term or geographic name as entry element Textile fibers, Synthetic.
650 ## - SUBJECT ADDED ENTRY--TOPICAL TERM
Topical term or geographic name as entry element Blended fabrics Dyeing.
650 ## - SUBJECT ADDED ENTRY--TOPICAL TERM
Topical term or geographic name as entry element Textile chemistry Textbooks.
650 ## - SUBJECT ADDED ENTRY--TOPICAL TERM
Topical term or geographic name as entry element Wool Dyeing.
650 ## - SUBJECT ADDED ENTRY--TOPICAL TERM
Topical term or geographic name as entry element Polyester fibers Dyeing.
942 ## - ADDED ENTRY ELEMENTS (KOHA)
Source of classification or shelving scheme
Koha item type Books
Holdings
Withdrawn status Lost status Source of classification or shelving scheme Damaged status Not for loan Home library Current library Shelving location Date acquired Source of acquisition Currency Cost, normal purchase price Total Checkouts Full call number Barcode Date last seen Bill Date Koha item type Bill Number
          Dr. Rajendra Prasad Central Agricultural University Pusa, Dr. Rajendra Prasad Central Agricultural University Pusa, General Stacks 24/06/2026 TTPP, New Delhi INR 5695.00   667.35 K81D 87795 24/06/2026 29/01/2026 Books Invoice- IN-00449
          Dr. Rajendra Prasad Central Agricultural University Pusa, Dr. Rajendra Prasad Central Agricultural University Pusa, General Stacks 24/06/2026 TTPP, New Delhi INR 5695.00   667.35 K81D 87794 24/06/2026 29/01/2026 Books Invoice- IN-00449
Hosted, Implemented, Customized & Maintained by: BestBookBuddies

Powered by Koha